Elementos de Derecho natural y político / (Record no. 80307)

MARC details
000 -LEADER
campo de control de longitud fija 00670nam a2200205 i 4500
001 - NÚMERO DE CONTROL
campo de control 80307
003 - IDENTIFICADOR DE NÚMERO DE CONTROL
campo de control ES-MaACL
005 - FECHA Y HORA DE LA ÚLTIMA TRANSACCIÓN
campo de control 20230906174202.0
007 - CAMPO FIJO DE DESCRIPCIÓN FÍSICA--INFORMACIÓN GENERAL
campo de control de longitud fija t|
008 - DATOS DE LONGITUD FIJA--INFORMACIÓN GENERAL
campo de control de longitud fija 041027s1979 sp ||||1| spa d
100 1# - ENTRADA PRINCIPAL--NOMBRE DE PERSONA
Nombre de persona Hobbes, Thomas.
9 (RLIN) 63853
245 10 - MENCIÓN DEL TÍTULO
Título Elementos de Derecho natural y político /
Mención de responsabilidad, etc. Thomas Hobbes ; [traducción, prólogo y notas de Dalmacio Negro Pavón].
260 ## - PUBLICACIÓN, DISTRIBUCIÓN, ETC.
Lugar de publicación, distribución, etc. Madrid :
Nombre del editor, distribuidor, etc. Centro de Estudios Constitucionales,
Fecha de publicación, distribución, etc. 1979.
300 ## - DESCRIPCIÓN FÍSICA
Extensión 432 p. ;
Dimensiones 19 cm.
490 1# - MENCIÓN DE SERIE
Mención de serie Clásicos políticos
700 1# - ENTRADA AGREGADA--NOMBRE PERSONAL
Nombre de persona Negro Pavón, Dalmacio.
9 (RLIN) 85316
830 0# - PUNTO DE ACCESO ADICIONAL DE SERIE-TÍTULO UNIFORME
Título uniforme Clásicos políticos
9 (RLIN) 180270
852 ## - LOCALIZACIÓN
Ubicación ES-MaACL
Número de control de estantería L-2530
Sublocalización o colección R.103447
Holdings
Estatus retirado Estado de pérdida Estado de daño No para préstamo Biblioteca de origen Biblioteca actual Ubicación en estantería Fecha de adquisición Fuente de adquisición Total de préstamos Signatura topográfica completa Código de barras Visto por última vez Precio de reemplazo Tipo de ítem Koha
        Biblioteca del Ateneo de Madrid Biblioteca del Ateneo de Madrid Depósito 2 17/01/2008     L-2530 1083964 23/02/2023 23/02/2023 Libro impreso